Statistics for High End Watch Brands

Click here to take the quiz!

General Stats

  • This quiz has been taken 103 times
  • The average score is 7 of 16

Answer Stats

Answer% Correct
Rolex
97%
Omega
83%
Patek Philippe
80%
Audemars Piguet
70%
Cartier
59%
Hublot
58%
Vacheron Constantin
52%
Tag Heuer
49%
A Lange & Sohne
35%
Jaeger-Lecoultre
35%
IWC
33%
Zenith
23%
Panerai
22%
Piaget
14%
Glashutte Original
7%
Ulysse Nardin
7%

Score Distribution

Percentile by Number Answered

Percent of People with Each Score

Your Score History

You have not taken this quiz